| Поле | Инд. | ПП | Название | Значение |
|---|---|---|---|---|
| Тип записи | a | |||
| Библиографический уровень | m | |||
| 001 | _ | Контрольный номер | BIBLIOCLUB\0000697506 | |
| 005 | _ | Дата корректировки | 20250915104050.5 | |
| 008 | Кодируемые данные | 240116j2022 RU y j||| 000 0 rus u | ||
| 020 | a | ISBN | 978-985-895-038-5 | |
| 040 | a | Служба первич. каталог. | Директ-Медиа | |
| c | Служба, преобразующая запись | Директ-Медиа | ||
| 041 | a | Код языка текста | eng | |
| 044 | a | Код страны публикации | RU | |
| 080 | a | Индекс УДК | 811.111:796.01(075.32) | |
| 084 | 2 | Источник индекса | rubbk | |
| a | Индекс другой классификации/Индекс ББК | 81.432.1я723 | ||
| 084 | 2 | Источник индекса | rubbk | |
| a | Индекс другой классификации/Индекс ББК | 75я723 | ||
| 100 | 1_ | a | Автор | Долгопят Е. В. |
| 4 | Код отношения | 070 | ||
| 245 | a | Заглавие | Английский язык для профессионального общения. Физическая культура и спорт | |
| b | Продолж. заглавия | учебное пособие | ||
| c | Ответственность | Е. В. Долгопят | ||
| 246 | a | Другая форма заглавия | English for Professional Сommunication. Physical Culture and Sport | |
| 260 | a | Место издания | Минск | |
| b | Издательство | РИПО | ||
| c | Дата издания | 2022 | ||
| 300 | a | Объем | 124 с. | |
| b | Иллюстрации/ тип воспроизводства | ил | ||
| 504 | a | Библиография | Библиогр.: с. 121-122. | |
| 520 | a | Аннотация | Учебное пособие направлено на совершенствование базовых речевых умений и развитие коммуникативных навыков различных видов устной и письменной речи английского языка как для профессионального, так и для повседневного общения.Тематические разделы включают профессионально ориентированные тексты и комплексы упражнений, направленные на формирование коммуникативной компетенции учащихся.Предназначено для учащихся учреждений образования, реализующих образовательные программы среднего специального образования по специальностям «Спортивно-педагогическая деятельность», «Физическая культура». | |
| 538 | a | Прим. о системных особенностях | Режим доступа: электронная библиотечная система «Университетская библиотека ONLINE», требуется авторизация | |
| 653 | a | Ключевые слова | Учебник для средних специальных учебных заведений | |
| 856 | 4_ | u | URL | https://biblioclub.ru/index.php?page=book&id=697506 |
| a | Имя сервера/домена | Режим доступа: электронная библиотечная система «Университетская библиотека ONLINE», требуется авторизация | ||
| z | Примечание для пользователя | Участвует в КО |